| 000 | 01062cam a22003015a 4500 | ||
|---|---|---|---|
| 001 | 17376367 | ||
| 005 | 20171010133856.0 | ||
| 008 | 120706s2013 mdua frb f001 0 eng d | ||
| 020 | _a9781421408149 | ||
| 020 | _a1421408147 | ||
| 040 |
_aDLC _cDLC _dDLC _beng _dEG-ScBUE |
||
| 082 | 0 | 4 |
_a321.09 _222 _bTRA |
| 245 | 0 | 0 |
_aTransitions to democracy : _ba comparative perspective / _cedited by Kathryn Stoner and Michael McFaul. |
| 260 |
_aBaltimore : _bJohns Hopkins University Press, _c2013. |
||
| 300 |
_a446 p. : _bill. ; _c24 cm. |
||
| 500 | _aIndex : p. [431]-446. | ||
| 504 | _aIncludes bibliographical references. | ||
| 650 | 7 |
_aRegime change _xHistory _y20th century. _2BUEsh |
|
| 650 | 7 |
_aDemocratization _xHistory _y20th century. _2BUEsh |
|
| 650 | 7 |
_aRegime change _vCase studies. _2BUEsh |
|
| 650 | 7 |
_aDemocratization _vCase studies. _2BUEsh |
|
| 651 | _2BUEsh | ||
| 653 |
_bBUSBOL _cOctober2015 _cOctober2017 |
||
| 655 |
_vText book _933728 |
||
| 700 | 1 |
_aStoner, Kathryn, _d1965- _eeditor. |
|
| 700 | 1 |
_aMcFaul, Michael, _d1963- _eeditor. |
|
| 942 | _2ddc | ||
| 999 |
_c20930 _d20902 |
||